[Event "18. Open de Sants Hostafrancs 2016 - C"]
[Site "Barcelona ESP"]
[Date "2016.08.26"]
[Round "8.1"]
[White "Conti, Angelo"]
[Black "Petit Montes, Marc"]
[Result "0-1"]
[WhiteElo "1658"]
[BlackElo "1770"]
[PlyCount "80"]
[EventDate "2016.08.19"]
[EventType "swiss"]
[EventRounds "10"]
[EventCountry "ESP"]
[SourceTitle "Ajedrez en Madrid"]
[Source "lmi"]
[SourceDate "2016.08.19"]

1. d4 d5 2. e3 Nf6 3. Bd3 Nc6 4. c3 e5 5. Nd2 Bd6 6. Ne2 O-O 7. O-O e4 8. Bb1
Bxh2+ 9. Kxh2 Ng4+ 10. Kg3 Qg5 11. f4 Qg6 12. f5 Qg5 13. Nf3 exf3 14. Kxf3 Nh2+
15. Kf2 Nxf1 16. Kxf1 Qh5 17. Qd3 g6 18. f6 Bf5 19. e4 Bxe4 20. Qh3 Qxh3 21.
gxh3 Rfe8 22. Nf4 Rad8 23. Kf2 Rd6 24. Bxe4 Rxe4 25. Kg3 Nd8 26. Bd2 c6 27. Nd3
b6 28. Rf1 Rde6 29. Bg5 Nb7 30. Ne5 c5 31. Bh6 Nd6 32. Ng4 Nf5+ 33. Kf3 Nxh6
34. Nxh6+ Kf8 35. Rd1 Rxf6+ 36. Kg3 Re3+ 37. Kh4 Rf4+ 38. Kg5 Ree4 39. Ng4 Kg7
40. Kh4 h5 0-1

[Event "18. Open de Sants Hostafrancs 2016 - C"]
[Site "Barcelona ESP"]
[Date "2016.08.26"]
[Round "8.2"]
[White "Matons Calafi, Eva M"]
[Black "Ballester Valls, Juan Antonio"]
[Result "1/2-1/2"]
[WhiteElo "1775"]
[BlackElo "1652"]
[PlyCount "82"]
[EventDate "2016.08.19"]
[EventType "swiss"]
[EventRounds "10"]
[EventCountry "ESP"]
[SourceTitle "Ajedrez en Madrid"]
[Source "lmi"]
[SourceDate "2016.08.19"]

1. e4 c5 2. Nf3 e6 3. d3 d5 4. Nbd2 Nc6 5. g3 Bd6 6. Bg2 Nge7 7. O-O b6 8. Re1
O-O 9. Nf1 Bc7 10. h4 d4 11. e5 Rb8 12. N1h2 Nd5 13. Ng4 h5 14. Bg5 f6 15. exf6
gxf6 16. Nh6+ Kg7 17. Bd2 f5 18. Ng5 Qf6 19. Qxh5 Rh8 20. Ngf7 Rf8 21. Bg5 Qg6
22. Bf3 Rxf7 23. Nxf7 Kxf7 24. Qxg6+ Kxg6 25. c4 dxc3 26. bxc3 Bd7 27. c4 Ndb4
28. Rad1 Ne5 29. Bg2 Bc6 30. Bxc6 Nbxc6 31. Kg2 Nd4 32. Bf4 Ndf3 33. Re3 Kf6
34. Rxf3 Nxf3 35. Bxc7 Rc8 36. Kxf3 Rxc7 37. Re1 e5 38. Ke3 Rd7 39. Rg1 Rd4 40.
Ke2 e4 41. dxe4 Ke5 1/2-1/2

[Event "18. Open de Sants Hostafrancs 2016 - C"]
[Site "Barcelona ESP"]
[Date "2016.08.26"]
[Round "8.3"]
[White "Werkhoven, Gerard"]
[Black "Vicente Bessen, Kirian"]
[Result "1/2-1/2"]
[WhiteElo "1714"]
[BlackElo "1766"]
[PlyCount "59"]
[EventDate "2016.08.19"]
[EventType "swiss"]
[EventRounds "10"]
[EventCountry "ESP"]
[SourceTitle "Ajedrez en Madrid"]
[Source "lmi"]
[SourceDate "2016.08.19"]

1. d4 d5 2. c4 c6 3. Nc3 e6 4. e4 dxe4 5. Nxe4 Bb4+ 6. Nc3 Nf6 7. Bg5 O-O 8.
Nf3 Nbd7 9. Be2 h6 10. Bh4 b6 11. Qc2 Bb7 12. O-O Qc7 13. Bg3 Bd6 14. Bxd6 Qxd6
15. Rad1 Qc7 16. Rfe1 Rfe8 17. Bf1 e5 18. dxe5 Nxe5 19. Qf5 Nxf3+ 20. Qxf3 c5
21. Rxe8+ Rxe8 22. Qd3 Qe5 23. Qg3 Qxg3 24. hxg3 Re7 25. Nb5 Kh7 26. Rd8 Ba6
27. Rb8 Re1 28. Nd6 Ne4 29. b3 Nf6 30. Ra8 1/2-1/2